MARC details
| 000 -LEADER |
| fixed length control field |
00834cam a2200217 4500 |
| 001 - CONTROL NUMBER |
| control field |
WB3540-30 |
| 008 - FIXED-LENGTH DATA ELEMENTS--GENERAL INFORMATION |
| fixed length control field |
000000n1999 000 0 eng u |
| 035 ## - SYSTEM CONTROL NUMBER |
| System control number |
(Sirsi) u100462 |
| 245 ## - TITLE STATEMENT |
| Title |
Barn guide |
| 260 ## - PUBLICATION, DISTRIBUTION, ETC. |
| Date of publication, distribution, etc. |
1999 |
| 490 ## - SERIES STATEMENT |
| Series statement |
Times |
| Volume/sequential designation |
14 October 1999, 9(2) |
| 520 ## - SUMMARY, ETC. |
| Summary, etc. |
The Countryside Agency is pushing for new planning guidance to prevent 'barn blight' - poor conversions of former farm buildings into suburban-style homes. The agency has part-funded a guide for future designs of such buildings which is available from the Chiltern Area Office of Natural Beauty (01494 510954). |
| 590 ## - LOCAL NOTE (RLIN) |
| Local note |
WB |
| 650 ## - SUBJECT ADDED ENTRY--TOPICAL TERM |
| Topical term or geographic name entry element |
BARN CONVERSIONS |
| 650 ## - SUBJECT ADDED ENTRY--TOPICAL TERM |
| Topical term or geographic name entry element |
REDUNDANT FARM BUILDINGS |
| 650 ## - SUBJECT ADDED ENTRY--TOPICAL TERM |
| Topical term or geographic name entry element |
DESIGN GUIDES |
| 650 ## - SUBJECT ADDED ENTRY--TOPICAL TERM |
| Topical term or geographic name entry element |
COUNTRYSIDE AGENCY |
| 650 ## - SUBJECT ADDED ENTRY--TOPICAL TERM |
| Topical term or geographic name entry element |
PLANNING GUIDANCE |
| 690 ## - LOCAL SUBJECT ADDED ENTRY--TOPICAL TERM (OCLC, RLIN) |
| Topical term or geographic name as entry element |
PLANNING LAW AND PRACTICE |
| 942 ## - ADDED ENTRY ELEMENTS (KOHA) |
| Suppress in OPAC |
0 |